| 000 | 01457nam a22002297a 4500 | ||
|---|---|---|---|
| 008 | 230707s2014 xxk|||||o|||| 00| 0 eng d | ||
| 041 | _aeng | ||
| 110 | _aRoyal Institution of Chartered Surveyors | ||
| 245 |
_aRail Method of Measurement detailed measurement _bIndustry Consultation Issue _h[Electronic resource] |
||
| 260 |
_bNetwork Rail Infrastructure Ltd _c2014 |
||
| 300 | _a106 | ||
| 500 | _aAlso known as RMM 2 or RMM Volume 2. Industry Consultation Issue. RICS does not have Volumes 1 or 3. | ||
| 500 | _aOthers involved in this standard: ICE, RICS, CECA, RIA | ||
| 520 | _aThe Rail Method of Measurement has been written to provide a basis for the elemental cost analysis, measurement and valuation of all costs of a project, whether they are incurred by the infrastructure owner or the contractor thus providing, if so desired, Total Cost Management of Projects. RMM has been written to provide a progressive integrated measurement and valuation process in context with project development and delivery processes used by railway infrastructure owners, network operators and suppliers in the UK | ||
| 650 | _aRAIL METHOD OF MEASUREMENT | ||
| 650 | _aMEASUREMENT | ||
| 651 | _aUnited Kingdom | ||
| 690 |
_96256 _aMeasurement |
||
| 710 | 2 | _aNetwork Rail | |
| 856 |
_uhttps://rics.koha-ptfs.co.uk/cgi-bin/koha/opac-retrieve-file.pl?id=09b105502529bd4805035d3b8c52eecc _zRMM2 Consultation Issue 2014 available here |
||
| 942 | _n0 | ||
| 999 |
_c121600 _d121600 |
||